000 00324nam a22001457a 4500
020 _a0803904363
082 _a322.5LIS
100 _aLISSAK, MOSHE
245 _aMILITARY ROLES IN MODERNIZATION
260 _aLONDON
_bSAGE
_c1976
300 _a255P.
_b25CM.
500 _aINCLUDES INDEX
650 _aMILITARY
942 _cBK
999 _c15704
_d15704